000 00434nam a2200205Ia 4500
001 12848
003 GE_BSU
008 181216s||||||||xx |||||||||||||| ||und||
020 _a9781444712094
040 _cGE_BSU
080 _a821.111-31
100 _aManby,Chrissie.
245 _aCrazy in Love.
260 _aLondon.
260 _bHodder.
260 _c2009
300 _a290p;18cm.
653 _aCrazy in Love.
942 _cBK
999 _c46018
_d46018